00845 2200277 4500001002100000005001700021008004100038020001800079035002400097082001200121090002400133100001600157245012600173250001800299260002700317300002500344500002300369650004000392999002100432990001800453990002100471990001800492990001800510990002100528990001800549YOGYA-0411000000111220110413104414.0 ind  a979-533-537-5 0010-041100000001112 a005.369 a005.369bAbd PlDEP aABDUL KADIR aPemrograman pascalbmenggunakan turbo pascal 7.0cBorland pascal 7.0 membahas pemrograman berorientasi objekdAbdul Kadir aEd. 1bCet. 2 aYogyakartabAndic2000 a.. bukubilusc28 cm ayang diterima bk 1 aTurbo pascal 7.0 (program komputer) aCB-D.11 2000-289 a10810-PD/B.05 aCB-D.11/2000-289 a10809-PD/B.05 a10809-PD/B.05 aCB-D.11/2000-289 a10810-PD/B.05